000 00935nam a22002417a 4500
005 20240530110451.0
008 150512s2011 ua a f b 000 0 ara d
017 _a2720
_bمصر . دار الكتب المصرية
020 _a9770527041
040 _aEG-CaGPL
082 0 4 _221
_a693.854\
_bأ ت
100 0 _aاحمد عبدالمنعم فوده .
245 1 0 _aتصميم المنشآت المقاومة لاحمال الانفجار /
_cاعداد احمد عبدالمنعم فوده .
250 _aط1.
260 _aالقاهرة :
_bمكتبة الانجلو المصرية ،
_c2011.
300 _a434 ص :
_bايض ؛
_c24 سم.
650 0 4 _aالمنشأت الخرسانية .
650 0 4 _aالانفاق .
650 0 4 _aالمنشأت المعدنية .
650 0 4 _aالمنشأت الخرسانية
_xمواصفات الامان .
942 _2ddc
_cBK
999 _c61259
_d61259